00375nam a2200121Ia 4500008004100000041000800041082001200049100001900061245006600080260004400146300001900190520004400209240719s9999 xx 000 0 und d aeng a828 THA aTharoor Shashi aThe Less You Preach The More You Learn Aphorisms for Our Age aNew DehlibRupa Publication Indiac2023 a182.; P. 22 cm aFaculty Purchase By Dr. Jitendra Sharma